000
00230 a2200097 4500
001
48410
100
_a
Bartholomew, P.C
245
_a
Public administration
260
_a
New Jersey
_b
Littlefield Adams Co
_c
090
_c
31350
_d
31350
942
_a
NUST-CAE
_c
M
_c
23726
999
_c
283483
_d
283483